000 00529nam a2200217Ia 4500
003 OSt
005 20220928145007.0
006 a|||||r|||| 00| 0
007 ta
008 220927b |||||||| |||| 00| 0 eng d
024 _a77993
037 _cTextual
040 _aSDCL
_cSDCL
_beng
041 _2eng
_aeng
082 _aQ6.3'F5, L9
100 _aBarlow Frank
_9511078
245 0 _aEnglish church 1066-1154.
260 _c1979
942 _hQ6.3'F5, L9
_cTEXL
_2CC
999 _c831300
_d831300